<?xml version="1.0" encoding="UTF-8"?>
<record
    xmlns:xsi="http://www.w3.org/2001/XMLSchema-instance"
    xsi:schemaLocation="http://www.loc.gov/MARC21/slim http://www.loc.gov/standards/marcxml/schema/MARC21slim.xsd"
    xmlns="http://www.loc.gov/MARC21/slim">

  <leader>01697cam a2200421 a 4500</leader>
  <controlfield tag="001">0005511600</controlfield>
  <controlfield tag="003">OSt</controlfield>
  <controlfield tag="005">20260704105728.0</controlfield>
  <controlfield tag="007">ta</controlfield>
  <controlfield tag="008">170313s2017    onca   j 6    000 1 fre  </controlfield>
  <datafield tag="020" ind1=" " ind2=" ">
    <subfield code="a">9781443159111</subfield>
  </datafield>
  <datafield tag="024" ind1="3" ind2=" ">
    <subfield code="a">9781443159111</subfield>
  </datafield>
  <datafield tag="040" ind1=" " ind2=" ">
    <subfield code="a">SDM</subfield>
    <subfield code="b">fre</subfield>
    <subfield code="d">SQTD</subfield>
    <subfield code="d">QMBND</subfield>
  </datafield>
  <datafield tag="041" ind1="1" ind2=" ">
    <subfield code="a">fre</subfield>
    <subfield code="h">eng</subfield>
  </datafield>
  <datafield tag="082" ind1="0" ind2="5">
    <subfield code="a">BD BUR v. 3</subfield>
    <subfield code="b">B9599m</subfield>
    <subfield code="2">23</subfield>
  </datafield>
  <datafield tag="082" ind1="0" ind2="5">
    <subfield code="a">813.6</subfield>
    <subfield code="b">B9599m</subfield>
    <subfield code="2">23</subfield>
  </datafield>
  <datafield tag="091" ind1="0" ind2=" ">
    <subfield code="a">PLU</subfield>
  </datafield>
  <datafield tag="100" ind1="1" ind2=" ">
    <subfield code="a">Burks, James</subfield>
    <subfield code="q">(James R.)</subfield>
  </datafield>
  <datafield tag="245" ind1="1" ind2="0">
    <subfield code="a">Plumo et Phobie #3 Morts de peur /</subfield>
    <subfield code="c">James Burks ; texte fran&#xE7;ais d'H&#xE9;l&#xE8;ne Pilotto.</subfield>
  </datafield>
  <datafield tag="246" ind1="3" ind2=" ">
    <subfield code="a">Plumo et Phobie, morts de peur</subfield>
  </datafield>
  <datafield tag="260" ind1=" " ind2=" ">
    <subfield code="a">Toronto :</subfield>
    <subfield code="b">Scholastic,</subfield>
    <subfield code="c">&#xEF;&#xBF;&#xBD;2017.</subfield>
  </datafield>
  <datafield tag="300" ind1=" " ind2=" ">
    <subfield code="a">139 p. :</subfield>
    <subfield code="b">principalement des ill. en coul. ;</subfield>
    <subfield code="c">23 cm.</subfield>
  </datafield>
  <datafield tag="490" ind1="1" ind2=" ">
    <subfield code="a">Plumo et Phobie</subfield>
  </datafield>
  <datafield tag="500" ind1=" " ind2=" ">
    <subfield code="a">Traduction de: Bird &amp; Squirrel on the edge!</subfield>
  </datafield>
  <datafield tag="650" ind1=" " ind2="7">
    <subfield code="a">Plumo (Personnage fictif : Burks)</subfield>
    <subfield code="v">Bandes dessin&#xEF;&#xBF;&#xBD;es</subfield>
    <subfield code="2">vmj</subfield>
  </datafield>
  <datafield tag="650" ind1=" " ind2="7">
    <subfield code="a">Phobie (Personnage fictif : Burks)</subfield>
    <subfield code="v">Bandes dessin&#xEF;&#xBF;&#xBD;es</subfield>
    <subfield code="2">vmj</subfield>
  </datafield>
  <datafield tag="650" ind1=" " ind2="7">
    <subfield code="a">Ours</subfield>
    <subfield code="v">Bandes dessin&#xEF;&#xBF;&#xBD;es</subfield>
    <subfield code="2">vmj</subfield>
  </datafield>
  <datafield tag="650" ind1=" " ind2="7">
    <subfield code="a">Animaux</subfield>
    <subfield code="x">Protection</subfield>
    <subfield code="v">Bandes dessin&#xEF;&#xBF;&#xBD;es</subfield>
    <subfield code="2">vmj</subfield>
  </datafield>
  <datafield tag="650" ind1=" " ind2="7">
    <subfield code="a">T&#xEF;&#xBF;&#xBD;te</subfield>
    <subfield code="x">L&#xEF;&#xBF;&#xBD;sions et blessures</subfield>
    <subfield code="v">Bandes dessin&#xEF;&#xBF;&#xBD;es</subfield>
    <subfield code="2">vmj</subfield>
  </datafield>
  <datafield tag="650" ind1=" " ind2="7">
    <subfield code="a">Amn&#xEF;&#xBF;&#xBD;sie</subfield>
    <subfield code="v">Bandes dessin&#xEF;&#xBF;&#xBD;es</subfield>
    <subfield code="2">vmj</subfield>
  </datafield>
  <datafield tag="650" ind1=" " ind2="7">
    <subfield code="a">&#xEF;&#xBF;&#xBD;cureuils</subfield>
    <subfield code="v">Bandes dessin&#xEF;&#xBF;&#xBD;es</subfield>
    <subfield code="2">vmj</subfield>
  </datafield>
  <datafield tag="650" ind1=" " ind2="7">
    <subfield code="a">Oiseaux</subfield>
    <subfield code="v">Bandes dessin&#xEF;&#xBF;&#xBD;es</subfield>
    <subfield code="2">vmj</subfield>
  </datafield>
  <datafield tag="655" ind1=" " ind2="7">
    <subfield code="a">Bandes dessin&#xEF;&#xBF;&#xBD;es d'aventures</subfield>
    <subfield code="2">rvmgf</subfield>
  </datafield>
  <datafield tag="800" ind1="1" ind2=" ">
    <subfield code="a">Burks, James</subfield>
    <subfield code="q">(James R.).</subfield>
    <subfield code="t">Plumo et Phobie</subfield>
  </datafield>
  <datafield tag="942" ind1=" " ind2=" ">
    <subfield code="2">ddc</subfield>
    <subfield code="c">BD</subfield>
  </datafield>
  <datafield tag="999" ind1=" " ind2=" ">
    <subfield code="c">18924</subfield>
    <subfield code="d">18924</subfield>
  </datafield>
  <datafield tag="952" ind1=" " ind2=" ">
    <subfield code="0">0</subfield>
    <subfield code="1">0</subfield>
    <subfield code="2">ddc</subfield>
    <subfield code="4">0</subfield>
    <subfield code="7">0</subfield>
    <subfield code="a">HENRYVILLE</subfield>
    <subfield code="b">HENRYVILLE</subfield>
    <subfield code="d">2026-06-30</subfield>
    <subfield code="l">0</subfield>
    <subfield code="o">BD BUR v.3</subfield>
    <subfield code="p">30001030039483</subfield>
    <subfield code="r">2026-06-30 20:41:30</subfield>
    <subfield code="w">2026-06-30</subfield>
    <subfield code="y">BD</subfield>
    <subfield code="z">Plumo et phobie</subfield>
  </datafield>
</record>
